Phenology of Poincianella pyramidalis (TUL.) L. P. Queiroz and its relationship with the temporal distribution of rainfall in the brazilian semi-arid region (Registro n. 298398)
[ somente texto ]
| 000 -LÍDER | |
|---|---|
| fixed length control field | 05322nab a2200325 i 4500 |
| 003 - CÓDIGO MARC DA AGÊNCIA CATALOGADORA | |
| Campo de controle | BR-BrBNA |
| 005 - DATA E HORA DA ÚLTIMA ATUALIZAÇÃO | |
| Campo de controle | 20240131132159.0 |
| 008 - CAMPO DE TAMANHO FIXO | |
| fixed length control field | 240131b2018 bl.qr|pooa||| 00| 0 eng | |
| 040 ## - FONTE DA CATALOGAÇÃO | |
| Agência catalogadora | BR-BrBNA |
| Idioma da catalogação | eng |
| 072 ## - CATEGORIA AGRIS | |
| Código AGRIS | F40 |
| Código do objeto | 2790 |
| 100 ## - ENTRADA PRINCIPAL - NOME PESSOAL | |
| Nome pessoal | Lima, Cosmo Rufino de |
| 100 ## - ENTRADA PRINCIPAL - NOME PESSOAL | |
| Nome pessoal | Bruno, Riselane de Lucena Alcântara |
| 100 ## - ENTRADA PRINCIPAL - NOME PESSOAL | |
| Nome pessoal | Andrade, Alberício Pereira de |
| 100 ## - ENTRADA PRINCIPAL - NOME PESSOAL | |
| Nome pessoal | Pacheco, Mauro Vasconcelos |
| 100 ## - ENTRADA PRINCIPAL - NOME PESSOAL | |
| Nome pessoal | Quirino, Zelma Glebya Maciel |
| 100 ## - ENTRADA PRINCIPAL - NOME PESSOAL | |
| Nome pessoal | Silva, Katiane da Rosa Gomes da |
| 100 ## - ENTRADA PRINCIPAL - NOME PESSOAL | |
| Nome pessoal | Belarmino, Karialane da Silva |
| 245 ## - TÍTULO PRINCIPAL | |
| Título principal | Phenology of Poincianella pyramidalis (TUL.) L. P. Queiroz and its relationship with the temporal distribution of rainfall in the brazilian semi-arid region |
| 500 ## - NOTA GERAL | |
| Nota geral | Publicação on-line; Bibliography p. 1046-1048 (51 ref.); 5 illus.; Summaries (En, Pt) |
| 942 ## - ADDED ENTRY ELEMENTS (KOHA) | |
| Koha item type | |
| 520 ## - NOTA DE RESUMO | |
| Nota de conteúdo | <br/><br/>ABSTRACT<br/><br/>A remarkable feature of the Brazilian semi-arid region is its highly irregular distribution of rainfall in space and time, with two marked periods: the rainy season, with erratic precipitation, of highly variable intensity; and the dry season, the critical period of prolonged drought, when the plant species of the Caatinga (desert vegetation found in northeastern Brazil) express their most remarkable trait, the deciduousness. In such conditions, plant species have their dynamics of growth and development in accordance with rainfall events. Thus, the objective of this study was to characterize the phenophases of Poincianella pyramidalis and their relationship with the temporal distribution of rainfall, which takes place in the form of water pulses. For the phenological study, 32 trees were selected, identified and monitored fortnightly on Açude Farm, located in the municipality of Soledade, PB state, Brazil. To quantify the phenological events, Fournier’s percent index and the activity index were adopted, recording the presence and absence of the following phenophases: sprouting, appearance of flower buds, flowering (anthesis), fruiting and senescence, whose data were related to the water pulses and inter-pulses. It was found that the sprouting, flower-bud and flowering phenophases in Poincianella pyramidalis happen synchronously with the temporal distribution of rain pulses in its habitat. The intensity and duration of phenophases in the development of Poincianella pyramidalis depend upon the extent and frequency of the water pulses throughout the rainy season. Total leaf senescence in Poincianellapyramidalis occurs when the inter-pulses of rainfall intensify as the dry season progresses, characterizing deciduousness.<br/><br/>Keywords: catingueira; stage of development; seasonality; semi-arid. |
| 520 ## - NOTA DE RESUMO | |
| Nota de conteúdo | <br/><br/>RESUMO<br/><br/>A região Semiárida brasileira tem como característica marcante a alta irregularidade da distribuição da precipitação pluvial no espaço e no tempo, com duas estações marcantes, a estação chuvosa, correspondente a um período curto com precipitações pluviais, erráticas e de intensidade muito variável, e a estação seca, período crítico, em geral, de prolongada estiagem, quando as espécies da Caatinga expressam sua fisionomia mais marcante, a caducifolia. As espécies vegetais, nestas condições, apresentam dinâmica de crescimento e desenvolvimento em consonância com os eventos de chuvas. Assim, o objetivo deste estudo foi caracterizar as fenofases de Poincianella pyramidalis e sua relação com a distribuição temporal da precipitação pluvial, que se dá em forma de pulsos. Para o acompanhamento fenológico, 32 indivíduos arbóreos foram selecionados, marcados e monitorados quinzenalmente, na Fazenda Açude, município de Soledade-PB. Para quantificar os eventos fenológicos, foram usados o percentual de intensidade de Fournier e o índice de atividade, registrando-se a presença e ausência das fenofases: brotamento, botão floral, floração (antese), frutificação e senescência, cujos dados foram relacionados com os pulsos e interpulsos de precipitação. Constata-se que as fenofases, brotamento, botões florais e floração em Poincianella pyramidalis se dão em sincronia com a distribuição temporal dos pulsos de precipitação pluvial na área de sua ocorrência. A intensidade e duração das fenofases do desenvolvimento em Poincianella pyramidalis dependem da amplitude e frequência dos pulsos de precipitação ao longo da estação chuvosa. A senescência total das folhas em Poincianella pyramidalis acontece quando os interpulsos de precipitação pluvial se intensificam à medida que avança a estação seca, caracterizando a caducifolia.<br/><br/>Palavras-chave: catingueira; estádio de desenvolvimento; sazonalidade; semiárido |
| 650 ## - ASSUNTO - THESAGRO | |
| Cabeçalho tópico ou nome geográfico | CATINGUEIRA |
| 650 ## - ASSUNTO - THESAGRO | |
| Cabeçalho tópico ou nome geográfico | FENOLOGIA |
| 650 ## - ASSUNTO - THESAGRO | |
| Cabeçalho tópico ou nome geográfico | VARIAÇÃO SAZONAL |
| 650 ## - ASSUNTO - THESAGRO | |
| Cabeçalho tópico ou nome geográfico | SEMIÁRIDO |
| 773 0# - ENTRADA ANALÍTICA | |
| Host Biblionumber | 4065 |
| Registro do item | 198128 |
| Imprenta | Santa Maria-RS Universidade Federal de Santa Maria - Centro de Pesquisas Florestais.Departamento de Ciências Florestais. Programa de Pós-Graduação em Engenharia Florestal 1991 |
| Outro identificador | 2023-437009 |
| Título | Ciência Florestal (Brazil) |
| ISSN | 0103-9954; 1980-5098 (on-line) |
| Colação | v. 28(3). p. 1035-1048; (Jul-Sep 2018) |
| Número de controle de registro | BR2023001510 |
| 856 ## - ACESSO E ENDEREÇO ELETRÔNICO | |
| Identificador uniforme de recurso - URI | https://periodicos.ufsm.br/cienciaflorestal/article/view/33387/pdf |
Nenhum exemplar disponível.

BINAGRI